Open Data Biblioteca Nacional de Portugal


República Portuguesa: Ministério da Cultura
Biblioteca Nacional de Portugal

Catálogo da BNP: acesso por Identificadores Unívocos
Registos Bibliográficos associados ao registo de autoridade

Etiqueta de registo: 00379nas 2200205 450
001 2284832
003 http://id.bnportugal.gov.pt/bib/catbnp/2284832
011 ## $a3051-8334$bed. impressa)
011 ## $a3051-8288$bed. eletrónica)
100 ## $a20260420a20259999m y0pory01030103ba
101 0# $aeng
102 ## $aPT
106 ## $as
110 ## $aajazz 0uu0
200 1# $aEducation's digest$fIEEE Portugal Section$ged. Rui Eduardo Lopes, Pedro Veloso Teixeira
207 #0 $aNº 2 (set. 2025)-
210 #9 $aPorto$cIEEE Portugal Section,$d2025-
211 ## $a202509
304 ## $aO nº 1 foi publicado com o tít.: IEEE education newsletter
326 ## $aSemestral
620 ## $dPorto
702 #1 $aLopes,$bRui Eduardo$4340$31994443
702 #1 $aTeixeira,$bPedro Veloso$4340$31994444
712 02 $aIEEE.$bPortugal Section$4650$3232689
801 #0 $aPT$bBN$gRPC
856 40 $uhttps://site.ieee.org/portugal-es/educations-digest
971 ## $cssilva$d20260420

OpendataBNP@bnportugal.pt | Mais informação sobre acesso aos dados BNP